01738nam a22003974a 4500001001200000003000800012006001900020007001500039008004100054010001700095020002600112040002100138035002100159043001200180050002300192082001200215100002400227245009600251260004500347300001700392490004500409504006600454505028400520533015200804600002700956600002000983600002001003650001601023650002601039650004001065655002901105710001701134830004601151856012601197999001701323ebr10224632CaPaEBRm u cr cn|||||||||060110s2006 enk sb 001 0 eng  z 2006000668 z0826486363 (hardback) aCaPaEBRcCaPaEBR a(OCoLC)290571890 an-us---14aBD221b.M67 2006eb04a1492221 aMosteller, Timothy.10aRelativism in contemporary American philosophyh[electronic resource] /cTimothy Mosteller. aLondon ;aNew York :bContinuum,cc2006. aviii, 192 p.1 aContinuum studies in American philosophy aIncludes bibliographical references (p. [182]-190) and index.0 aEpistemological relativism articulated -- Recent attempts to generate a non-problematic ER -- Relativistic tensions in MacIntyre's epistemology -- Relativistic tensions in Putnam's epistemology -- Relativistic tensions in Rorty's 'epistemology' -- Toward an ER-free epistemology. aElectronic reproduction.bPalo Alto, Calif. :cebrary,d2013.nAvailable via World Wide Web.nAccess may be limited to ebrary affiliated libraries.10aMacIntyre, Alasdair C.10aPutnam, Hilary.10aRorty, Richard. 0aRelativity. 0aKnowledge, Theory of. 0aPhilosophy, Americany20th century. 7aElectronic books.2local2 aebrary, Inc. 0aContinuum studies in American philosophy.40uhttp://site.ebrary.com/lib/rucke/Doc?id=10224632zAn electronic book accessible through the World Wide Web; click to view c25515d25515